Applications of finite groups
The book consists of 8 chapters. The first four chapters cover matrices, groups, representations and their applications. The last four chapters address subgroups and representations, space group representations and energy bands, and symmetric groups and their applications
Gespeichert in:
| 1. Verfasser: | |
|---|---|
| Format: | Buch |
| Sprache: | Undetermined |
| Veröffentlicht: |
New York
Dover
1993
|
| Schlagworte: | |
| Tags: |
Tag hinzufügen
Keine Tags, Fügen Sie den ersten Tag hinzu!
|
| Thư viện lưu trữ: | Trung tâm Học liệu Trường Đại học Cần Thơ |
|---|
| LEADER | 00813nam a2200205Ia 4500 | ||
|---|---|---|---|
| 001 | CTU_16208 | ||
| 008 | 210402s9999 xx 000 0 und d | ||
| 020 | |b USA | ||
| 082 | |a 512.2 | ||
| 082 | |b L846 | ||
| 100 | |a John S Lomont (1924- | ||
| 245 | 0 | |a Applications of finite groups | |
| 245 | 0 | |c John S Lomont (1924- | |
| 260 | |a New York | ||
| 260 | |b Dover | ||
| 260 | |c 1993 | ||
| 520 | |a The book consists of 8 chapters. The first four chapters cover matrices, groups, representations and their applications. The last four chapters address subgroups and representations, space group representations and energy bands, and symmetric groups and their applications | ||
| 650 | |a finite groups,mathematical physics,matrices | ||
| 904 | |i Minh, 970514 | ||
| 980 | |a Trung tâm Học liệu Trường Đại học Cần Thơ | ||